000 00394nam a2200181Ia 4500
005 20240823034544.0
008 240823s9999||||xx |||||||||||||| ||und||
041 _aMALAYALAM
082 _A809 Q0
100 _aNarayana Kurup P
245 0 _aThiranottam
250 _a2nd
260 _c2010
_bRamesh Chenni
500 _aYES
650 _aNovel
_bEnglish
942 _cBK
999 _c198547
_d198547